Music Quiz

Random Music or Taylor Swift Quiz

Taylor Swift Songs (A-Z) Quiz Stats

 Plays Quiz Updated Apr 12, 2019

Score 0/21 Timer 04:00
0 Plays Today
Letter Song % Correct
LLove Story...
83.6%
BBreathe...
83.1%
SShould've Said No...
78.1%
FFearless...
76.6%
MMine...
75.9%
TTeardrops on My Guitar...
73.5%
WWe Are Never Ever Getting Back Together...
72.4%
#22
72%
YYou Belong With Me...
71.2%
II Knew You Were Trouble...
69.1%
RRed...
65.5%
Letter Song % Correct
OOur Song...
62.8%
EEnchanted...
61.2%
HHaunted...
59.2%
CChange...
55.5%
GGorgeous...
55.4%
DDear John...
53.7%
PPicture to Burn...
47.7%
AAll Too Well...
46.5%
NNever Grow Up...
41.4%
KKing of My Heart
35.9%

You're not logged in!

Compare scores with friends on all Sporcle quizzes.
OR
Log In

You Might Also Like...

Show Comments

Extras

Top Quizzes Today


Score Distribution

Your Account Isn't Verified!

In order to create a playlist on Sporcle, you need to verify the email address you used during registration. Go to your Sporcle Settings to finish the process.

Report this User

Report this user for behavior that violates our Community Guidelines.

Details: